000 00889nam a22002537a 4500
003 OSt
005 20230127095624.0
008 221006b |||||||| |||| 00| 0 eng d
020 _a81 85229 49 X
040 _cBiblioteca Lado V
082 _a779.942.092
_bS957r
100 _9672
_aSundaram, Vivan
_eautora
_efotógrafa
245 _aRe-take of Amrita/
260 _bTulika
_c2001
_aIndia
300 _a56p.
_c22x25cm
505 _tPreface
_tPlates
_tAnnotation
650 _2Tesauro de Arte & Arquitectura
_aARTE
650 _2Tesauro de Arte & Arquitectura
_aFOTOGRAFIA
650 _2Tesauro de Arte & Arquitectura
_aLA MUJER EN EL ARTE
650 _2Tesauro de Arte & Arquitectura
_aINDIA
651 _2Tesauro de Arte & Arquitectura
_aFIGURA HUMANA
651 _2Tesauro de Arte & Arquitectura
_aBLANCO Y NEGRO
942 _2ddc
_c1
_h779.942.092
_iS957r
_n0
999 _c2954
_d2954